| 000 | 00690nam a2200217Ia 4500 | ||
|---|---|---|---|
| 003 | GCL | ||
| 008 | 140319s9999 xx 000 0 ara d | ||
| 040 |
_aGCL / _cGCL |
||
| 082 | 0 | 4 |
_aق _b910.096232 _bف س |
| 100 | 1 | _aفتحى ابو عيانة | |
| 245 | 1 | 0 |
_aسكان الاسكندرية : دراسة ديموغرافية منهجية / _cفتحى ابو عيانة |
| 300 | _a725 ص | ||
| 490 | _a | ||
| 650 | 0 | 4 | _aالسكان |
| 650 | 0 | 4 | _aالاسكندرية |
| 650 | 0 | 4 | _aالجغرافيا البشرية |
| 650 | 0 | 4 | _aتعداد السكان |
| 650 | 0 | 4 | _aالاحصائيات الحيوية |
| 650 | 0 | 4 | _aسجلات المواليد والوفيات |
| 942 |
_2ddc _cBK |
||
| 999 |
_c41450 _d41450 |
||